Statistiques concernant De quel pays est-ce le dirigeant ? (2023)

Cliquez ici pour prendre le quiz!

Statistiques générales

  • Ce quiz a été pris 164 fois
  • Le résultat moyen est 21 sur 28

Statistiques - réponses

HintRéponse% Correct
Joe BidenÉtats Unis
91%
Kim Jong UnCorée du Nord
90%
Emmanuel MacronFrance
90%
Vladimir PoutineRussie
90%
Volodymir ZelenskyUkraine
90%
Luiz Inacio Lula de SilvaBrésil
86%
Yoon Seok YoulCorée du Sud
85%
Felipe VIEspagne
85%
Fumio KishidaJapon
85%
Olaf ScholzAllemagne
83%
Xi JinpingChine
83%
Alexandre LoukachenkoBiélorussie
82%
Mohammed VIMaroc
82%
Bachar el AssadSyrie
82%
Recep Tayyip ErdoganTurquie
82%
Justin TrudeauCanada
80%
Giorgia MeloniItalie
80%
Mohammed Ben Salmane (MBS)Arabie Saoudite
73%
FrançoisVatican
71%
Narendra ModiInde
64%
Albert IIMonaco
64%
Andrés Manuel Lopez ObradorMexique
62%
Nicolas MaduroVenezuela
58%
Rishi SunakRoyaume Uni
51%
PhilippeBelgique
48%
Anthony AlbaneseAustralie
40%
Cyril RamaphosaAfrique du Sud
39%
Joko WidodoIndonésie
36%

Distribution des résultats

Percentile par nombre de réponses

% des personnes avec chaque résultat

Votre développement - résultats

Vous n’avez pas pris ce quiz